[Event "7th Cattolica Open-B 2020"]
[Site "Cattolica"]
[Date "2020.09.04"]
[Round "5.6"]
[White "Guglielmi, Dante"]
[Black "Giovannini, Roberto"]
[Result "0-1"]
[WhiteElo "1727"]
[BlackElo "1893"]
[Annotator "NA RC"]
[PlyCount "86"]
[EventDate "2020.08.31"]
[EventType "swiss"]
[EventCountry "ITA"]
[SourceTitle "playchess.com"]
[Source "ChessBase"]
[SourceQuality "1"]
[TimeControl "5400+30"]

{[%evp 8,64,13,15,12,10,12,22,27,14,22,-16,-20,-4,-2,-6,0,-49,46,-22,-18,-44,-20,-29,-20,-28,-16,-41,-34,-25,-42,-65,-57,-85,-88,-129,-137,-140,-131,-141,-91,32767,32767,32767,32767,32767,32767,32767,32767,32767,32767,32767,32767,32767,32767,32767,32767,32767,-391]} 1. c4 {[%emt 0:06:54]} c6 {[%emt 0:00:11]} 2. Nf3 {[%emt 0:00:27]} Nf6 {[%emt 0:00:35]} 3. Nc3 {[%emt 0:00:15]} d5 {[%emt 0:00:14]} 4. e3 {[%emt 0:00:07]} e6 {[%emt 0:02:10]} 5. b3 {[%emt 0:01:20]} Bd6 {[%emt 0:00:28]} 6. d4 {[%emt 0:01:07]} O-O {[%emt 0:02:06]} 7. Bd3 {[%emt 0:00:32]} Re8 {[%emt 0:01:06]} 8. O-O {[%emt 0:00:46]} Nbd7 {[%emt 0:01:24]} 9. Bb2 {[%emt 0:01:25]} e5 {[%emt 0:02:09]} 10. dxe5 {[%emt 0:02:46]} Nxe5 {[%emt 0:00:16]} 11. Nxe5 {[%emt 0:00:23]} Bxe5 {[%emt 0:00:27]} 12. Qc2 {[%emt 0:01:34] [#]} Bg4 $146 {[%emt 0:04:49] D46: Semi-Slav: 5 e3 Nbd7 6 Bd3, Black avoids the Meran.} (12... d4 $15 13. exd4 Qxd4) ({Predecessor:} 12... Be6 13. cxd5 cxd5 14. Ne2 Rc8 15. Qd2 Qd6 16. Bxe5 Qxe5 17. Rac1 Qg5 18. Rxc8 Bxc8 19. Rc1 Bd7 20. Rc7 {0-1 (36) Francischone,R-Martins,A (1513) Sao Paulo 2019}) 13. Be2 {[%emt 0:05:29]} (13. cxd5 $14 cxd5 14. h3) 13... dxc4 {[%emt 0:08:13]} 14. bxc4 {[%emt 0:00:53]} Qe7 {[%emt 0:04:23]} 15. Rad1 {[%emt 0:07:04]} Rad8 {[%emt 0:04:39]} 16. Rxd8 {[%emt 0:01:37]} Rxd8 {[%emt 0:00:15]} 17. Rd1 {[%emt 0:00:07]} Bxe2 {[%emt 0:07:50]} 18. Qxe2 {[%emt 0:00:52]} Rd7 {[%emt 0:04:30]} 19. Kf1 {[%emt 0:08:28]} h6 {[%emt 0:07:26]} ({Much weaker is} 19... Bxh2 $6 20. g3 $16) 20. h3 {[%emt 0:01:10]} Qb4 {[%emt 0:02:47]} 21. Rxd7 {[%emt 0:21:43]} ({White should play} 21. Rc1 $15) 21... Nxd7 {[%emt 0:00:46]} 22. Nd1 {[%emt 0:01:47]} Bxb2 {[%emt 0:02:33]} 23. Nxb2 {[%emt 0:00:23]} Qc3 {[%emt 0:04:37]} 24. f4 {[%emt 0:05:57]} Nc5 {[%emt 0:01:30]} 25. Qg4 {[%emt 0:07:09]} Qc1+ {[%emt 0:04:10]} 26. Nd1 {[%emt 0:00:29]} Qxc4+ {[%emt 0:00:54]} 27. Kg1 {[%emt 0:00:23]} Ne6 {[%emt 0:03:43]} 28. f5 {[%emt 0:02:01]} Qxg4 {[%emt 0:00:19]} 29. hxg4 {[%emt 0:00:06]} Nc5 {[%emt 0:01:18]} 30. Kf1 {[%emt 0:00:36]} Kf8 {[%emt 0:00:49]} 31. Ke2 {[%emt 0:00:27]} Ke7 {[%emt 0:00:27]} 32. Nc3 {[%emt 0:03:18]} b5 $19 {[%emt 0:03:03]} 33. Kd2 {[%emt 0:02:02]} Kd6 {[%emt 0:00:30]} 34. Nd1 {[%emt 0:02:03]} a5 {[%emt 0:01:06]} 35. Kc3 {[%emt 0:00:41]} Kd5 {[%emt 0:00:33]} 36. a3 {[%emt 0:00:35]} Ne4+ {[%emt 0:00:47]} 37. Kc2 {[%emt 0:01:09]} c5 {[%emt 0:00:46]} 38. Kb2 {[%emt 0:01:31]} c4 {[%emt 0:01:31]} 39. a4 {[%emt 0:01:05]} b4 {[%emt 0:00:25]} 40. Kc2 {[%emt 0:00:16]} Nc5 {[%emt 0:24:15]} 41. Nb2 {[%emt 0:00:34]} b3+ {[%emt 0:00:00]} 42. Kc1 {[%emt 0:00:47]} c3 {[%emt 0:00:00]} 43. Nd1 {[%emt 0:00:26]} Nd3+ {[%emt 0:00:00]} 0-1

[Event "7th Cattolica Open-B 2020"]
[Site "Cattolica"]
[Date "2020.09.04"]
[Round "5.7"]
[White "Magnaterra, Michele"]
[Black "Frescura, Davide"]
[Result "0-1"]
[WhiteElo "1524"]
[BlackElo "1916"]
[Annotator "TA"]
[PlyCount "106"]
[EventDate "2020.08.31"]
[EventType "swiss"]
[EventCountry "ITA"]
[SourceTitle "playchess.com"]
[Source "ChessBase"]
[SourceQuality "1"]

{[%evp 18,106,36,22,50,41,99,16,24,20,127,134,270,244,250,275,256,79,66,83,68,68,73,81,73,52,48,0,39,0,82,62,71,68,297,0,34,40,50,0,0,-162,-154,-160,-162,-156,-150,-160,-172,-168,-175,-164,-164,-188,-173,-162,-113,-160,-95,-266,-162,-162,-158,-237,-189,-303,-300,-299,-283,-347,-339,-297,-293,-520,-481,-497,-495,-466,-125,-131,-84,-90,-87,-393,-365,-730,-715,-5716,-5617,-5583,-5583]} 1. d4 d5 2. c4 e6 3. Nc3 Nf6 4. cxd5 exd5 5. Bg5 Nbd7 6. e3 Be7 7. Bd3 O-O 8. Nf3 Re8 9. O-O Nf8 10. Qc2 g6 {D35: Queen's Gambit Declined: Exchange Variation.} 11. Ne5 Ne6 {[#]} (11... c6 $14) 12. Bh4 $146 (12. f4 $1 $16) ({Predecessor:} 12. f4 Ng7 13. Qf2 c6 14. Ne2 Bf5 15. Bxf5 Nxf5 16. g4 Ne4 17. Bxe7 Qxe7 18. Qe1 Nxe3 19. Rf3 Nc2 20. Qc1 Nxa1 21. Qxa1 f6 22. Nd3 Nd2 {0-1 (22) Ajanovic,B (1377)-Sajjadi,K (1828) Prague 2016}) 12... Ng7 $11 {The position is equal.} 13. Rad1 Bf5 (13... c6 $11) 14. Qb3 $16 Qc8 (14... Rb8 $16) 15. Bxf5 $18 Nxf5 16. Bxf6 $1 Bxf6 17. Qxd5 $2 (17. Nxd5 $18 Re6 18. e4) 17... Bxe5 $16 18. dxe5 c6 19. Qe4 Qc7 20. f4 Qb6 21. Rfe1 Qxb2 22. g4 Nh4 23. Rd3 Kh8 (23... h6 $1 $11 {remains equal.}) 24. Re2 $1 {[%cal Re2b2]} Qc1+ 25. Kf2 $1 Rad8 $2 {[#]} ({Better is} 25... f5 $14 26. gxf5 gxf5) 26. Kg3 $2 (26. e6 $1 $18 {[%cal Re6f7][%mdl 512]} f6 (26... Rxe6 27. Rxd8+) 27. g5 Rxd3 28. Qxd3) 26... Rxd3 (26... g5 $5 27. Rxd8 Qg1+ 28. Kh3 Qf1+ 29. Kg3 (29. Qg2 Nxg2 30. Rxe8+ Kg7 $17) 29... Qg1+ 30. Kh3 Qf1+ 31. Kg3 (31. Qg2 Qxg2+ 32. Rxg2 Rxd8 $15) 31... Qg1+ $11) 27. Qxd3 g5 $1 28. fxg5 Ng6 29. Qd7 $2 (29. e6 $11 {and White has nothing to worry.} Qg1+ 30. Rg2 Qe1+ 31. Rf2 Qg1+ 32. Rg2 Qe1+ 33. Rf2 Qg1+ 34. Rg2) 29... Qg1+ $19 30. Kh3 Qf1+ $40 {[%mdl 128] Black wants a kill.} 31. Kg3 Rxe5 {Threatens to win with ...Qg1+.} 32. Qd8+ Kg7 33. Qf6+ Qxf6 34. gxf6+ Kxf6 {[%mdl 4096] Endgame KRN-KRN} 35. h4 b5 36. h5 Ne7 37. Kf4 {Strongly threatening Ne4+.} Ke6 (37... Nd5+ $142 38. Nxd5+ cxd5) 38. Rf2 $2 (38. e4 $17) 38... Nd5+ 39. Nxd5 Rxd5 {KR-KR} ({Much worse is} 39... Kxd5 $6 40. Rd2+ Ke6 41. Rd8 $11) 40. Ke4 (40. e4 $17 Rc5 41. g5) 40... Re5+ 41. Kd4 (41. Kd3 $142) 41... c5+ 42. Kd3 c4+ 43. Kd4 Rd5+ 44. Kc3 a5 45. Kc2 $2 (45. Rf4 Rd3+ {[%mdl 64] Double Attack} 46. Kc2) 45... b4 46. e4 Rg5 47. Rf4 f6 $2 (47... h6 $19 {is more deadly. ...Ke5 is the strong threat.} 48. e5 Kd5) 48. e5 $17 fxe5 49. Rxc4 Kd5 50. Kd3 $2 {[%mdl 8192]} (50. Rc7 $17) 50... Rg7 $19 51. a3 $2 (51. h6 Rg6 52. Rc7 Rxh6 53. Rd7+ Kc6 54. Re7) 51... b3 {Black is clearly winning.} 52. Ra4 {[#]} Rb7 $1 {( -> ...b2)} 53. Rxa5+ Ke6 {Accuracy: White = 43%, Black = 56%.} 0-1

[Event "7th Cattolica Open-B 2020"]
[Site "Cattolica"]
[Date "2020.09.04"]
[Round "5.8"]
[White "Tagliaferri, Valerio"]
[Black "Palozza, Flavio"]
[Result "0-1"]
[WhiteElo "1777"]
[BlackElo "1619"]
[Annotator "NA RC"]
[PlyCount "126"]
[EventDate "2020.08.31"]
[EventType "swiss"]
[EventCountry "ITA"]
[SourceTitle "playchess.com"]
[Source "ChessBase"]
[SourceQuality "1"]
[TimeControl "5400+30"]

1. e4 {[%emt 0:08:23]} c6 {[%emt 0:00:00]} 2. d4 {[%emt 0:00:17]} d5 {[%emt 0:00:00]} 3. Nd2 {[%emt 0:00:24]} dxe4 {[%emt 0:00:00]} 4. Nxe4 {[%emt 0:00:05]} Bf5 {[%emt 0:00:00]} 5. Ng3 {[%emt 0:00:13]} Bg6 {[%emt 0:00:00]} 6. h4 {[%emt 0:00:15]} h6 {[%emt 0:00:00]} 7. Nf3 {[%emt 0:00:12]} Nd7 {[%emt 0:00:03]} 8. h5 {[%emt 0:00:32]} Bh7 {[%emt 0:00:04]} 9. Bd3 {[%emt 0:00:18]} Bxd3 {[%emt 0:00:05]} 10. Qxd3 {[%emt 0:00:05]} Ngf6 {[%emt 0:00:13]} 11. Bd2 {[%emt 0:00:46]} Qc7 {[%emt 0:00:05]} 12. O-O-O {[%emt 0:00:49]} O-O-O {[%emt 0:00:59]} 13. Ne4 {[%emt 0:00:41]} e6 {[%emt 0:00:12]} 14. g3 {[%emt 0:00:20]} Nxe4 {[%emt 0:00:09]} 15. Qxe4 {[%emt 0:00:02]} Nf6 {[%emt 0:00:06]} 16. Qe2 {[%emt 0:00:15]} Bd6 {[%emt 0:00:07]} 17. c4 {[%emt 0:01:47]} c5 {[%emt 0:01:06]} 18. Kb1 {[%emt 0:00:37]} Kb8 {[%emt 0:11:58]} 19. Bc3 {[%emt 0:00:22]} Ka8 {[%emt 0:06:35]} 20. Ne5 {[%emt 0:01:21]} Bxe5 {[%emt 0:07:14]} 21. dxe5 {[%emt 0:00:54]} Nd7 {[%emt 0:00:15]} 22. Rd6 {[%emt 0:02:14]} Nb8 {[%emt 0:12:34]} 23. Rhd1 {[%emt 0:00:20]} Nc6 {[%emt 0:01:12]} 24. b3 {[%emt 0:11:27]} Kb8 {[%emt 0:07:51]} 25. Kb2 {[%emt 0:06:02]} Ne7 {[%emt 0:03:25]} 26. g4 {[%emt 0:00:41]} Nc8 {[%emt 0:00:12]} 27. R6d3 {[%emt 0:05:19]} Rxd3 {[%emt 0:10:05]} 28. Qxd3 {[%emt 0:07:06]} Ne7 {[%emt 0:04:18]} 29. Qd7 {[%emt 0:09:52]} Nc6 {[%emt 0:05:09]} 30. f4 {[%emt 0:00:21]} Rd8 {[%emt 0:03:17]} 31. Qxc7+ {[%emt 0:02:26]} Kxc7 {[%emt 0:00:04]} 32. Rd6 {[%emt 0:00:24]} b6 {[%emt 0:10:45]} 33. a3 {[%emt 0:03:23]} Ne7 {[%emt 0:08:37]} 34. Kc2 {[%emt 0:02:11]} Rg8 {[%emt 0:04:27]} 35. g5 {[%emt 0:21:08]} hxg5 {[%emt 0:02:11]} 36. fxg5 {[%emt 0:00:08]} Rh8 {[%emt 0:01:47]} 37. g6 {[%emt 0:00:18]} Rxh5 {[%emt 0:00:25]} 38. gxf7 {[%emt 0:01:03]} Rf5 {[%emt 0:00:04]} 39. f8=Q {[%emt 0:01:10]} Rxf8 {[%emt 0:00:03]} 40. Rxe6 {[%emt 0:00:23]} Kd7 {[%emt 0:01:30]} 41. Rd6+ {[%emt 0:00:16]} Kc7 {[%emt 0:00:07]} 42. Rd2 {[%emt 0:00:15]} Nf5 {[%emt 0:01:43]} 43. b4 {[%emt 0:07:17]} Re8 {[%emt 0:00:42]} 44. Re2 {[%emt 0:00:52]} Kc6 {[%emt 0:01:35]} 45. b5+ {[%emt 0:01:01]} Kd7 {[%emt 0:00:17]} 46. a4 {[%emt 0:00:32]} Ke6 {[%emt 0:00:24]} 47. Re4 {[%emt 0:00:33]} Rh8 {[%emt 0:00:21]} 48. a5 {[%emt 0:01:28]} Rh2+ {[%emt 0:00:29]} 49. Kb3 {[%emt 0:00:30]} Rh3 {[%emt 0:00:21]} 50. axb6 {[%emt 0:01:06]} axb6 {[%emt 0:00:00]} 51. Kc2 {[%emt 0:00:21]} Ne3+ {[%emt 0:00:42]} 52. Kd2 {[%emt 0:01:34]} Nf1+ {[%emt 0:01:15]} 53. Kc2 {[%emt 0:00:13]} Ne3+ {[%emt 0:00:43]} 54. Kd2 {[%emt 0:00:07]} Nf5 {[%emt 0:00:24]} 55. Rg4 {[%emt 0:01:46]} Rg3 {[%emt 0:00:46]} 56. Rxg3 {[%emt 0:00:59]} Nxg3 {[%emt 0:00:01]} 57. Ke3 {[%emt 0:00:18]} Nf5+ {[%emt 0:00:33]} 58. Ke4 {[%emt 0:00:20]} Nh6 {[%emt 0:00:24]} 59. Bd2 {[%emt 0:00:20]} Nf7 {[%emt 0:00:33]} 60. Be3 {[%emt 0:03:16]} Nxe5 {[%emt 0:00:45]} 61. Bxc5 {[%emt 0:00:09]} bxc5 {[%emt 0:00:17]} 62. b6 {[%emt 0:00:11]} Nxc4 {[%emt 0:01:31]} 63. b7 {[%emt 0:00:14]} Nd6+ {[%emt 0:00:00]} 0-1

[Event "7th Cattolica Open-B 2020"]
[Site "Cattolica"]
[Date "2020.09.04"]
[Round "5.9"]
[White "Di Maulo, Alessandra"]
[Black "Danese, Aldo"]
[Result "1/2-1/2"]
[WhiteElo "1751"]
[BlackElo "1634"]
[Annotator "NA RC"]
[PlyCount "148"]
[EventDate "2020.08.31"]
[EventType "swiss"]
[EventCountry "ITA"]
[SourceTitle "playchess.com"]
[Source "ChessBase"]
[SourceQuality "1"]
[TimeControl "5400+30"]

1. e4 {[%emt 0:00:00]} b6 {[%emt 0:00:00]} 2. d4 {[%emt 0:00:00]} e6 {[%emt 0:00:00]} 3. Bd3 {[%emt 0:00:23]} Bb7 {[%emt 0:00:00]} 4. Nf3 {[%emt 0:00:35]} Ne7 {[%emt 0:00:06]} 5. O-O {[%emt 0:00:56]} Ng6 {[%emt 0:00:18]} 6. c4 {[%emt 0:08:16]} Be7 {[%emt 0:00:11]} 7. Nc3 {[%emt 0:00:51]} d6 {[%emt 0:00:06]} 8. b3 {[%emt 0:05:38]} Nd7 {[%emt 0:00:38]} 9. Bb2 {[%emt 0:03:10]} e5 {[%emt 0:00:47]} 10. Bc2 {[%emt 0:06:18]} O-O {[%emt 0:00:47]} 11. Nd5 {[%emt 0:11:33]} c6 {[%emt 0:01:47]} 12. Ne3 {[%emt 0:02:07]} Qc7 {[%emt 0:00:30]} 13. Nf5 {[%emt 0:01:49]} Bf6 {[%emt 0:01:07]} 14. Rc1 {[%emt 0:10:43]} Rad8 {[%emt 0:01:12]} 15. Qe2 {[%emt 0:45:11]} c5 {[%emt 0:02:20]} 16. dxe5 {[%emt 0:00:00]} Ndxe5 {[%emt 0:00:49]} 17. Nxe5 {[%emt 0:00:00]} dxe5 {[%emt 0:00:12]} 18. Rfd1 {[%emt 0:00:00]} Bc8 {[%emt 0:00:49]} 19. Ne3 {[%emt 0:00:00]} Nf4 {[%emt 1:27:51]} 20. Qf3 {[%emt 0:00:00]} Be6 {[%emt 0:00:00]} 21. Nd5 {[%emt 0:00:00]} Bxd5 {[%emt 0:00:00]} 22. exd5 {[%emt 0:03:30]} Qd6 {[%emt 0:00:00]} 23. Qe4 {[%emt 0:00:00]} g6 {[%emt 0:00:00]} 24. Re1 {[%emt 0:00:00]} Rfe8 {[%emt 0:00:00]} 25. Rcd1 {[%emt 0:00:00]} Bg7 {[%emt 0:00:00]} 26. Bc1 {[%emt 0:00:00]} f5 {[%emt 0:03:30]} 27. Qe3 {[%emt 0:00:00]} Nh5 {[%emt 0:00:00]} 28. Bb2 {[%emt 0:00:00]} e4 {[%emt 0:00:00]} 29. Bxg7 {[%emt 0:00:00]} Nxg7 {[%emt 0:00:00]} 30. Qc3 {[%emt 0:00:00]} Nh5 {[%emt 0:00:00]} 31. f3 {[%emt 0:00:00]} exf3 {[%emt 0:00:00]} 32. Qxf3 {[%emt 0:00:00]} Nf6 {[%emt 0:00:00]} 33. Kh1 {[%emt 0:03:36]} Ng4 {[%emt 0:00:00]} 34. g3 {[%emt 0:00:30]} Qf6 {[%emt 0:00:00]} 35. Re2 {[%emt 0:01:26]} Kg7 {[%emt 0:00:00]} 36. Rde1 {[%emt 0:00:17]} Rxe2 {[%emt 0:00:00]} 37. Rxe2 {[%emt 0:00:30]} Rd7 {[%emt 0:00:00]} 38. Kg2 {[%emt 0:00:30]} Re7 {[%emt 0:00:00]} 39. h3 {[%emt 0:00:30]} Rxe2+ {[%emt 0:00:00]} 40. Qxe2 {[%emt 0:00:26]} Nh6 {[%emt 0:00:00]} 41. Bd3 {[%emt 0:01:09]} Nf7 {[%emt 0:00:00]} 42. Qf2 {[%emt 0:00:32]} Qc3 {[%emt 0:00:00]} 43. Be2 {[%emt 0:00:30]} Nd6 {[%emt 0:00:00]} 44. Qf4 {[%emt 0:00:32]} Ne4 {[%emt 0:00:00]} 45. Qc7+ {[%emt 0:00:30]} Kh6 {[%emt 0:00:00]} 46. Qf4+ {[%emt 0:00:30]} g5 {[%emt 0:00:00]} 47. Qf3 {[%emt 0:00:30]} Qd2 {[%emt 0:00:00]} 48. h4 {[%emt 0:00:30]} gxh4 {[%emt 0:00:00]} 49. Qf4+ {[%emt 0:00:30]} Qxf4 {[%emt 0:00:00]} 50. gxf4 {[%emt 0:00:00]} Nc3 {[%emt 0:12:00]} 51. Bd3 {[%emt 0:01:32]} Kg6 {[%emt 0:00:00]} 52. d6 {[%emt 0:00:00]} Kf6 {[%emt 0:00:00]} 53. d7 Ke7 {[%emt 0:01:30]} 54. Bxf5 {[%emt 0:00:00]} Ne2 {[%emt 0:00:00]} 55. Kh3 {[%emt 0:00:19]} Nxf4+ {[%emt 0:00:00]} 56. Kxh4 {[%emt 0:00:31]} Ne2 {[%emt 0:00:00]} 57. Kg5 {[%emt 0:01:18]} Nc3 {[%emt 0:00:00]} 58. a3 {[%emt 0:00:17]} a5 {[%emt 0:00:00]} 59. a4 {[%emt 0:00:36]} Ne2 {[%emt 0:03:00]} 60. Bxh7 {[%emt 0:00:44]} Nd4 {[%emt 0:00:00]} 61. Be4 {[%emt 0:00:36]} Kxd7 {[%emt 0:00:00]} 62. Kf6 {[%emt 0:00:30]} Kd6 {[%emt 0:00:00]} 63. Bb7 {[%emt 0:00:30]} Nxb3 {[%emt 0:00:00]} 64. Ba6 {[%emt 0:00:30]} Nd4 {[%emt 0:00:00]} 65. Bb7 {[%emt 0:00:32]} Ne2 {[%emt 0:00:00]} 66. Be4 {[%emt 0:00:00]} Nd4 {[%emt 0:00:00]} 67. Bb7 {[%emt 0:00:28]} Ne2 68. Be4 {[%emt 0:00:30]} Kc7 {[%emt 0:00:00]} 69. Ke7 {[%emt 0:00:28]} Nd4 {[%emt 0:00:00]} 70. Bd5 {[%emt 0:00:45]} Nf5+ {[%emt 0:05:30]} 71. Ke6 {[%emt 0:00:43]} Ne3 {[%emt 0:00:00]} 72. Ke5 {[%emt 0:00:11]} Nxd5 {[%emt 0:00:00]} 73. Kxd5 {[%emt 0:00:17]} Kd7 {[%emt 0:00:00]} 74. Ke5 {[%emt 0:00:17]} Kc6 {[%emt 0:02:00]} 1/2-1/2

[Event "7th Cattolica Open-B 2020"]
[Site "Cattolica"]
[Date "2020.09.05"]
[Round "6.1"]
[White "Vitaliani, Marco"]
[Black "Mammi, Samuele"]
[Result "0-1"]
[WhiteElo "1911"]
[BlackElo "1847"]
[Annotator "TA"]
[PlyCount "88"]
[EventDate "2020.08.31"]
[EventType "swiss"]
[EventCountry "ITA"]
[SourceTitle "playchess.com"]
[Source "ChessBase"]
[SourceQuality "1"]

{[%evp 9,88,58,66,65,72,66,74,71,68,67,78,47,37,35,49,51,25,0,0,0,0,0,0,0,0,-4,-8,-8,0,0,0,-19,-14,-58,0,-20,-14,-31,-12,-64,-32,-24,-22,-42,-52,-57,-52,-52,-50,-41,-41,-49,-20,-20,-19,-18,-20,-21,-8,-155,-152,-796,-780,-750,-741,-982,-985,-983,-982,-945,-877,-1013,-964,-29978,-1263,-29983,-1296,-1259,-1179,-29986,-1103]} 1. e4 c6 2. d4 d5 3. exd5 Qxd5 4. c4 Qa5+ 5. Nc3 Nf6 6. Nf3 {B13: Caro-Kann: Exchange Variation and Panov-Botvinnik Attack.} Bg4 {6...Bg4 is better than 6...Bf5.} 7. Be2 Nbd7 8. O-O {White is better.} e6 9. Bf4 Be7 10. Ne5 Bxe2 11. Qxe2 {[#]} O-O $146 ({Predecessor:} 11... Rd8 12. a3 O-O {½-½ (12) Burovic,I (2374)-Predojevic,B (2609) Neum 2014}) 12. Nxd7 Nxd7 13. a3 Qf5 14. Bg3 Nf6 15. Rad1 Rad8 16. Rfe1 Rd7 17. h3 Rfd8 18. Be5 h6 19. Rd3 Qh5 20. Rf3 Nh7 21. Qe3 Bf6 (21... Nf8 $15) 22. Bxf6 Nxf6 23. Ne2 Qg5 24. Qc3 (24. Qxg5 $11 hxg5 25. Re3) 24... Ne4 25. Qc2 Qd2 26. Qb1 Nd6 27. Rd3 Qg5 28. Qc2 $1 Nf5 $36 {[%cal Rf5d4][%mdl 2048] Black has some pressure.} 29. Red1 $1 Qh4 {[%cal Rf5d4]} 30. Qc3 Nd6 31. Ng3 Ne4 32. Nxe4 Qxe4 33. R3d2 c5 {[%cal Rc5d4]} (33... e5 {seems wilder.} 34. Qe3 Qxe3 35. fxe3 f5 36. b4 Kf7) 34. f3 (34. Qe3 $1 $11 {was the only way to keep the balance.} f5 35. Qxe4 fxe4 36. d5) 34... cxd4 $17 35. fxe4 $2 {This costs White the game.} (35. Qd3 $17 Qxd3 36. Rxd3) 35... dxc3 $19 {[%mdl 64] [#] Discovered Attack} 36. Rxd7 Rxd7 37. Rxd7 $17 {[%mdl 4096] Endgame KR-KP} c2 38. Rxb7 c1=Q+ $19 {[%mdl 64] Double Attack. KQ-KR} 39. Kh2 Qxc4 40. Rxa7 Qb3 41. a4 Qxb2 (41... Qb8+ $142 42. Kh1 Qxa7 43. b3 Qd4 44. e5 Qxe5 45. Kg1 Qe2 46. a5 Qe1+ 47. Kh2 Qxa5 48. g4 Qd2+ 49. Kg3 Qe3+ 50. Kh2 Qe2+ 51. Kg3 g5 52. b4 f5 53. h4 gxh4+ 54. Kh3 Qf2 55. gxf5 Qg3#) 42. a5 Qe5+ (42... Qb8+ $142 43. Kg1 Qxa7+ {[%mdl 64] Double Attack} 44. Kf1 Qxa5 45. Ke2 Qb5+ 46. Kf3 Qd3+ 47. Kf2 Qxe4 48. h4 f5 49. g3 e5 50. Kf1 Qc2 51. Kg1 e4 52. h5 e3 53. g4 fxg4 54. Kh1 e2 55. Kh2 e1=Q#) 43. Kh1 Qxe4 {[#] White must now prevent ...Qb1+.} 44. a6 Qb1+ {Accuracy: White = 62%, Black = 81%.} 0-1

[Event "7th Cattolica Open-B 2020"]
[Site "Cattolica"]
[Date "2020.09.05"]
[Round "6.2"]
[White "Marani, Luca"]
[Black "Ismayilov, Ulvi"]
[Result "1-0"]
[WhiteElo "1736"]
[BlackElo "1713"]
[Annotator "NA RC"]
[PlyCount "71"]
[EventDate "2020.08.31"]
[EventType "swiss"]
[EventCountry "ITA"]
[SourceTitle "playchess.com"]
[Source "ChessBase"]
[SourceQuality "1"]
[TimeControl "5400+30"]

1. e4 {[%emt 0:15:22]} e5 {[%emt 0:00:00]} 2. Nf3 {[%emt 0:00:06]} Nf6 {[%emt 0:00:00]} 3. Nxe5 {[%emt 0:01:30]} d6 {[%emt 0:00:00]} 4. Nf3 {[%emt 0:01:47]} Nxe4 {[%emt 0:00:12]} 5. d4 {[%emt 0:00:38]} d5 {[%emt 0:00:06]} 6. Bd3 {[%emt 0:00:55]} Bd6 {[%emt 0:00:50]} 7. O-O {[%emt 0:01:32]} O-O {[%emt 0:02:20]} 8. Re1 {[%emt 0:00:56]} f5 {[%emt 0:16:07]} 9. c4 {[%emt 0:00:54]} Bb4 {[%emt 0:11:54]} 10. Re2 {[%emt 0:01:01]} c6 {[%emt 0:04:12]} 11. Qb3 {[%emt 0:04:17]} Ba5 {[%emt 0:04:42]} 12. Bf4 {[%emt 0:14:54]} Kh8 {[%emt 0:04:04]} 13. Nc3 {[%emt 0:02:00]} Bxc3 {[%emt 0:09:09]} 14. bxc3 {[%emt 0:00:09]} b6 {[%emt 0:04:15]} 15. cxd5 {[%emt 0:07:22]} cxd5 {[%emt 0:00:51]} 16. Qa3 {[%emt 0:01:40]} Nd7 {[%emt 0:05:31]} 17. h4 {[%emt 0:09:02]} Ndf6 {[%emt 0:03:53]} 18. Bc7 {[%emt 0:02:10]} Qe8 {[%emt 0:04:00]} 19. Nd2 {[%emt 0:09:07]} Be6 {[%emt 0:02:24]} 20. Nf1 {[%emt 0:02:53]} Qd7 {[%emt 0:06:42]} 21. Bh2 {[%emt 0:01:54]} Ng4 {[%emt 0:06:01]} 22. Bf4 {[%emt 0:00:28]} Nh6 {[%emt 0:01:17]} 23. f3 {[%emt 0:01:43]} Nf6 {[%emt 0:00:13]} 24. Rae1 {[%emt 0:00:36]} Rfe8 {[%emt 0:01:28]} 25. Qa6 {[%emt 0:02:10]} Qf7 {[%emt 0:01:43]} 26. Ng3 {[%emt 0:01:16]} Bc8 {[%emt 0:01:51]} 27. Rxe8+ {[%emt 0:00:33]} Nxe8 {[%emt 0:00:09]} 28. Qa3 {[%emt 0:00:44]} Ng8 {[%emt 0:00:15]} 29. Re5 {[%emt 0:01:28]} Nd6 {[%emt 0:01:29]} 30. Qxd6 {[%emt 0:00:32]} h6 {[%emt 0:01:23]} 31. Qxd5 {[%emt 0:01:59]} Qxd5 {[%emt 0:01:18]} 32. Rxd5 {[%emt 0:00:04]} Be6 {[%emt 0:00:11]} 33. Rd6 {[%emt 0:01:17]} Bxa2 {[%emt 0:01:24]} 34. Nxf5 {[%emt 0:00:52]} Rf8 {[%emt 0:01:02]} 35. Be5 {[%emt 0:00:13]} Nf6 {[%emt 0:01:33]} 36. Nxh6 {[%emt 0:00:52]} 1-0

[Event "7th Cattolica Open-B 2020"]
[Site "Cattolica"]
[Date "2020.09.05"]
[Round "6.3"]
[White "D`Agostino, Maurizio"]
[Black "Urbani, Gabriel"]
[Result "1-0"]
[WhiteElo "1893"]
[BlackElo "1737"]
[Annotator "NA RC"]
[PlyCount "55"]
[EventDate "2020.08.31"]
[EventType "swiss"]
[EventCountry "ITA"]
[SourceTitle "playchess.com"]
[Source "ChessBase"]
[SourceQuality "1"]
[TimeControl "5400+30"]

{[%evp 18,53,42,33,32767,32767,32767,32767,32767,32767,99,32767,183,181,208,32767,167,179,193,194,196,207,409,405,32767,446,32767,32767,32767,32767,32767,1062,1131,1151,1178,1316,1102,1583]} 1. Nf3 {[%emt 0:02:11]} d5 {[%emt 0:00:00]} 2. c4 {[%emt 0:00:05]} e6 {[%emt 0:00:21]} 3. g3 {[%emt 0:00:06]} Nf6 {[%emt 0:00:51]} 4. Bg2 {[%emt 0:00:04]} c5 {[%emt 0:03:56]} 5. d4 {[%emt 0:01:25]} Nc6 {[%emt 0:01:33]} 6. cxd5 {[%emt 0:00:53]} exd5 {[%emt 0:00:15]} 7. Nc3 {[%emt 0:01:02]} Be7 {[%emt 0:04:19]} 8. O-O {[%emt 0:00:53]} O-O {[%emt 0:00:32]} 9. Bg5 {[%emt 0:01:38]} Be6 {[%emt 0:06:46]} 10. dxc5 {[%emt 0:02:53]} Rc8 {[%emt 0:09:40] D34: Tarrasch Defence: 6 g3 Nf6 7 Bg2 Be7.} 11. Rc1 {[%emt 0:02:38]} Qa5 {[%emt 0:21:38]} 12. Na4 {[%emt 0:14:25] [#]} Rfd8 $146 {[%emt 0:02:26]} ({Predecessor:} 12... Ne4 13. Bxe7 Nxe7 14. Ne5 Nxc5 15. Rxc5 Rxc5 16. b4 Qc7 17. Nxc5 Qxe5 18. Nxb7 Rb8 19. Nc5 Rxb4 20. Nd3 Qc3 21. Nxb4 Qxb4 22. Qb3 Qxb3 23. axb3 d4 24. Rd1 {1-0 (24) Malpas,G-Press,S Australia 1995}) 13. a3 {[%emt 0:02:22]} Qc7 {[%emt 0:02:04]} (13... d4 $14) 14. b4 {[%emt 0:01:24]} Nh5 {[%emt 0:02:37]} (14... h6 $16) 15. Bxe7 {[%emt 0:01:12]} Qxe7 {[%emt 0:00:35]} 16. Nd4 {[%emt 0:00:37]} Nxd4 {[%emt 0:01:38]} 17. Qxd4 {[%emt 0:00:06]} Nf6 {[%emt 0:00:21]} 18. Nc3 {[%emt 0:01:18]} Qd7 {[%emt 0:02:52]} 19. Rfd1 {[%emt 0:00:50]} Qc6 $2 {[%emt 0:01:14]} (19... h6 20. e3 Rc6) 20. e4 {[%emt 0:08:28]} Bg4 {[%emt 0:10:18]} 21. Rd2 {[%emt 0:03:46]} dxe4 {[%emt 0:04:09]} 22. Qxd8+ {[%emt 0:02:07]} Rxd8 {[%emt 0:00:07]} 23. Rxd8+ {[%emt 0:00:08]} Ne8 {[%emt 0:00:05]} 24. Nxe4 {[%emt 0:01:01]} h6 {[%emt 0:01:38]} 25. Nd6 {[%emt 0:00:42]} Qa4 {[%emt 0:00:37]} 26. Rxe8+ {[%emt 0:00:22]} Kh7 {[%emt 0:00:06]} 27. Re3 $18 {[%emt 0:02:10]} a5 {[%emt 0:00:53]} 28. b5 {[%emt 0:01:53]} 1-0